[Event "tournoi de Maitres 2009"]
[Site "?"]
[Date "2009.03.28"]
[Round "1"]
[White "Lefebvre, Hervé"]
[Black "Vojinovic, Goran"]
[Result "1/2-1/2"]
[WhiteElo "2246"]
[BlackElo "2465"]
[PlyCount "44"]
[EventDate "2009.??.??"]

1. e4 c5 2. Nf3 d6 3. d4 cxd4 4. Nxd4 Nf6 5. Nc3 Bd7 6. Bg5 e6 7. Qd2 a6 8. f4
Nc6 9. O-O-O Nxd4 10. Qxd4 Bc6 11. Bc4 Be7 12. Rhe1 Qa5 13. Nd5 e5 14. Qb6 Qxb6
15. Nxb6 Rd8 16. Bxf6 Bxf6 17. f5 Ke7 18. Nd5+ Bxd5 19. Bxd5 Rd7 20. Rd3 Rc8
21. Rb3 b5 22. a4 Rc5 1/2-1/2

[Event "tournoi de Maitres 2009"]
[Site "?"]
[Date "2009.03.28"]
[Round "1"]
[White "Coursaget, Nicolas"]
[Black "Colin, Vincent"]
[Result "0-1"]
[WhiteElo "2303"]
[BlackElo "2415"]
[PlyCount "82"]
[EventDate "2009.??.??"]

1. d4 g6 2. c4 Bg7 3. Nc3 d6 4. e4 e5 5. Be3 exd4 6. Bxd4 Nf6 7. f3 Nc6 8. Be3
O-O 9. Nge2 Ne5 10. Nf4 c6 11. Be2 Re8 12. Rc1 g5 13. Nd3 Nxc4 14. Bxg5 h6 15.
Bd2 d5 16. exd5 Nxd5 17. Nxd5 Qxd5 18. Bc3 Bf5 19. Nf4 Qxd1+ 20. Rxd1 Nxb2 21.
Bxg7 Nxd1 22. Bf6 Ne3 23. g4 Be6 24. g5 Bc4 25. Bxc4 Nxc4+ 26. Kf2 Kh7 27. h4
Nb6 28. Rd1 Nd5 29. Nxd5 cxd5 30. Rxd5 hxg5 31. hxg5 Kg6 32. f4 Rac8 33. Kf3
Rc1 34. Bd4 Kh5 35. Rd6 Re6 36. Rd8 Rf1+ 37. Kg3 Re2 38. Rd6 Re6 39. Rd8 Rd1
40. Kf3 Rd3+ 41. Kf2 Kg4 0-1

[Event "tournoi de Maitres 2009"]
[Site "?"]
[Date "2009.03.28"]
[Round "1"]
[White "Leconte, Maria"]
[Black "Sandalakis, Angelos"]
[Result "1-0"]
[WhiteElo "2334"]
[BlackElo "2372"]
[PlyCount "81"]
[EventDate "2009.??.??"]

1. e4 c5 2. Nf3 e6 3. c3 Nf6 4. e5 Nd5 5. d4 cxd4 6. cxd4 d6 7. Bc4 Nb6 8. Bd3
dxe5 9. Nxe5 N8d7 10. Nc3 Be7 11. Qf3 O-O 12. Qh3 f5 13. O-O Nxe5 14. dxe5 Qd4
15. Re1 Bd7 16. Bc2 Nc4 17. Be3 Nxe3 18. Rxe3 Qb6 19. Bb3 Bc5 20. Rd3 Rad8 21.
Rad1 Bxf2+ 22. Kf1 Bg1 23. Qh4 Bb5 24. Nxb5 Rxd3 25. Rxd3 Qxb5 26. Bxe6+ Kh8
27. Bc4 Qc5 28. b4 Qb6 29. e6 g5 30. Qe1 Bd4 31. Qd2 Bf6 32. Rd7 Re8 33. Rf7
Rxe6 34. Qd7 Re1+ 35. Kxe1 Qe3+ 36. Kd1 Qg1+ 37. Kc2 Qxg2+ 38. Qd2 Qe4+ 39. Qd3
Qg2+ 40. Qe2 Qc6 41. b5 1-0

[Event "tournoi de Maitres 2009"]
[Site "?"]
[Date "2009.03.28"]
[Round "1"]
[White "Vojinovic, Jovana"]
[Black "Payen, Arnaud"]
[Result "0-1"]
[WhiteElo "2331"]
[BlackElo "2364"]
[PlyCount "104"]
[EventDate "2009.??.??"]

1. d4 e6 2. Nf3 f5 3. g3 Nf6 4. Bg2 d5 5. c4 c6 6. O-O Bd6 7. Qc2 O-O 8. Nc3
Nbd7 9. cxd5 Nxd5 10. e4 Nc7 11. Bg5 Qe8 12. e5 Be7 13. Bxe7 Qxe7 14. a3 Nb6
15. Nb1 Bd7 16. Nbd2 Be8 17. Nb3 Bh5 18. Nc5 Nb5 19. Nb3 Rad8 20. Rad1 Rd5 21.
Rd2 Rfd8 22. Qc1 R5d7 23. Qc5 Qxc5 24. Nxc5 Bxf3 25. Bxf3 Rxd4 26. Rc2 Rc4 27.
Rxc4 Nxc4 28. Nxb7 Rd2 29. Bxc6 Nd4 30. Bg2 Nxe5 31. b4 Nd3 32. Nc5 Nxc5 33.
bxc5 Rc2 34. Rd1 e5 35. f4 Ne2+ 36. Kf1 e4 37. c6 Nc1 38. g4 g6 39. gxf5 gxf5
40. Rd5 Nd3 41. Rxf5 e3 42. Bd5+ Kg7 43. Rf7+ Kh6 44. Rf6+ Kg7 45. Rf7+ Kg6 46.
Re7 Rc1+ 47. Ke2 Nxf4+ 48. Kf3 Nxd5 49. Rd7 Rc5 50. c7 Nxc7 51. Kxe3 h5 52. h4
a5 0-1

[Event "tournoi de Maitres 2009"]
[Site "?"]
[Date "2009.03.29"]
[Round "2"]
[White "Payen, Arnaud"]
[Black "Coursaget, Nicolas"]
[Result "1/2-1/2"]
[WhiteElo "2364"]
[BlackElo "2303"]
[PlyCount "52"]
[EventDate "2009.??.??"]

1. d4 d5 2. c4 e5 3. e3 exd4 4. exd4 Nf6 5. Nf3 Bb4+ 6. Bd2 Qe7+ 7. Qe2 Nc6 8.
Qxe7+ Bxe7 9. Nc3 Bg4 10. cxd5 Bxf3 11. dxc6 Bxc6 12. Bf4 O-O-O 13. O-O-O Nd5
14. Nxd5 Bxd5 15. b3 Be4 16. Kb2 Rxd4 17. Rxd4 Bf6 18. Be3 c5 19. f3 Bc6 20.
Kc2 cxd4 21. Bf2 Rd8 22. Bd3 g6 23. Re1 Kc7 24. Bc4 Rd7 25. Bg3+ Kb6 26. Kd3
Bg5 1/2-1/2

[Event "tournoi de Maitres 2009"]
[Site "?"]
[Date "2009.03.29"]
[Round "2"]
[White "Vojinovic, Goran"]
[Black "Vojinovic, Jovana"]
[Result "1/2-1/2"]
[WhiteElo "2465"]
[BlackElo "2331"]
[PlyCount "22"]
[EventDate "2009.??.??"]

1. c4 c5 2. Nc3 Nc6 3. g3 g6 4. Bg2 Bg7 5. d3 d6 6. e4 e5 7. Nge2 Nge7 8. O-O
O-O 9. Be3 Be6 10. Qd2 Qd7 11. f3 f5 1/2-1/2

[Event "tournoi de Maitres 2009"]
[Site "?"]
[Date "2009.03.29"]
[Round "2"]
[White "Sandalakis, Angelos"]
[Black "Lefebvre, Hervé"]
[Result "1/2-1/2"]
[WhiteElo "2372"]
[BlackElo "2246"]
[PlyCount "80"]
[EventDate "2009.??.??"]

1. Nf3 Nf6 2. b3 d6 3. d4 g6 4. Bb2 Bg7 5. Nbd2 c5 6. dxc5 dxc5 7. g3 Nc6 8.
Bg2 O-O 9. Ne5 Nxe5 10. Bxe5 Nd5 11. Bxg7 Kxg7 12. c4 Nf6 13. Qc1 Qc7 14. Qc3
Kg8 15. O-O Bd7 16. Qe3 Rfe8 17. Rad1 Qb6 18. Ne4 Rac8 19. Nxf6+ exf6 20. Qf4
Qc7 21. Rd6 Rxe2 22. Rfd1 Be6 23. Qxf6 Qxd6 24. Rxd6 Re1+ 25. Bf1 Bh3 26. Rd8+
Rxd8 27. Qxd8+ Kg7 28. Qd3 Rxf1+ 29. Qxf1 Bxf1 30. Kxf1 Kf6 31. Ke2 Ke5 32. Ke3
f5 33. f4+ Ke6 34. Ke2 b6 35. Ke3 Ke7 36. h3 h5 37. Kf3 Kf6 38. a4 a5 39. g4
Kg7 40. Kg3 Kh7 1/2-1/2

[Event "tournoi de Maitres 2009"]
[Site "?"]
[Date "2009.03.29"]
[Round "2"]
[White "Picard, Romain"]
[Black "Colin, Vincent"]
[Result "1/2-1/2"]
[WhiteElo "2394"]
[BlackElo "2415"]
[PlyCount "90"]
[EventDate "2009.??.??"]

1. e4 c5 2. Nf3 Nf6 3. e5 Nd5 4. c3 Nc6 5. Bc4 Nb6 6. Bb3 c4 7. Bc2 Qc7 8. Qe2
g5 9. h3 Bg7 10. O-O g4 11. hxg4 Nxe5 12. Nxe5 Bxe5 13. d4 cxd3 14. Bxd3 d5 15.
Re1 Bh2+ 16. Kh1 h5 17. g3 Bxg4 18. Qe5 Qxe5 19. Rxe5 Bxg3 20. fxg3 f6 21. Re1
h4 22. Kg2 hxg3 23. Be3 Kf7 24. Nd2 Bh3+ 25. Kg1 Na4 26. b3 Nxc3 27. Bd4 Rac8
28. Rec1 Bf5 29. Rxc3 Rxc3 30. Bxf5 Rc6 31. Nf3 e6 32. Bd3 Rhc8 33. Bb2 Rc2 34.
Bxc2 Rxc2 35. Rb1 e5 36. Nxe5+ fxe5 37. Bxe5 Rxa2 38. Bxg3 Ke6 39. Re1+ Kd7 40.
Kf1 Kc6 41. Re2 Ra1+ 42. Be1 a5 43. Rb2 d4 44. Ke2 Kd5 45. Bf2 a4 1/2-1/2

[Event "tournoi de Maitres 2009"]
[Site "?"]
[Date "2009.03.29"]
[Round "3"]
[White "Lefebvre, Hervé"]
[Black "Geenen, Marc"]
[Result "1/2-1/2"]
[WhiteElo "2246"]
[BlackElo "2333"]
[PlyCount "22"]
[EventDate "2009.??.??"]

1. e4 e5 2. Nf3 Nc6 3. d4 exd4 4. Nxd4 Nf6 5. Nxc6 bxc6 6. e5 Qe7 7. Qe2 Nd5 8.
c4 Nb6 9. Nc3 Qe6 10. Qe4 g6 11. f4 d5 1/2-1/2

[Event "tournoi de Maitres 2009"]
[Site "?"]
[Date "2009.03.29"]
[Round "3"]
[White "Colin, Vincent"]
[Black "Payen, Arnaud"]
[Result "1/2-1/2"]
[WhiteElo "2415"]
[BlackElo "2364"]
[PlyCount "44"]
[EventDate "2009.??.??"]

1. e4 c5 2. Nf3 d6 3. d4 cxd4 4. Nxd4 Nf6 5. Nc3 Nc6 6. Bc4 Qb6 7. Nxc6 bxc6 8.
O-O e5 9. b3 Be7 10. Be3 Qc7 11. f3 O-O 12. Qd2 Bb7 13. Rad1 Rad8 14. Na4 d5
15. exd5 cxd5 16. Bd3 Bc6 17. Nb2 e4 18. Be2 d4 19. Bf4 Qb6 20. Nc4 Qc5 21. Kh1
e3 22. Qe1 Qf5 1/2-1/2

[Event "tournoi de Maitres 2009"]
[Site "?"]
[Date "2009.03.29"]
[Round "3"]
[White "Vojinovic, Jovana"]
[Black "Sandalakis, Angelos"]
[Result "1-0"]
[WhiteElo "2331"]
[BlackElo "2372"]
[PlyCount "97"]
[EventDate "2009.??.??"]

1. d4 d5 2. Nf3 Nf6 3. c4 e6 4. g3 Be7 5. Bg2 O-O 6. O-O dxc4 7. Qc2 a6 8. a4
Bd7 9. Ne5 Bc6 10. Nxc6 Nxc6 11. e3 Na5 12. Nd2 c5 13. dxc5 Rc8 14. b4 cxb3 15.
Nxb3 Nxb3 16. Qxb3 Bxc5 17. Rd1 Qe7 18. Qxb7 a5 19. Bd2 Qxb7 20. Bxb7 Rb8 21.
Rdb1 Ne8 22. Bxa5 Nd6 23. Bg2 Nc4 24. Be1 Ba7 25. a5 h5 26. a6 Nb2 27. Bb7 Nd3
28. Ba5 f6 29. Bb6 Bxb6 30. Rxb6 Nc5 31. a7 Rxb7 32. Rxb7 Nxb7 33. a8=Q Rxa8
34. Rxa8+ Kh7 35. Ra7 Nc5 36. Ra5 Ne4 37. Rxh5+ Kg6 38. Ra5 e5 39. Kg2 Nd6 40.
Rd5 Nf7 41. g4 f5 42. Rd7 Nh6 43. gxf5+ Nxf5 44. e4 Nh6 45. Rd6+ Kg5 46. Kg3 g6
47. h4+ Kh5 48. Re6 Nf7 49. Re7 1-0

[Event "tournoi de Maitres 2009"]
[Site "?"]
[Date "2009.03.29"]
[Round "3"]
[White "Coursaget, Nicolas"]
[Black "Vojinovic, Goran"]
[Result "1-0"]
[WhiteElo "2303"]
[BlackElo "2465"]
[PlyCount "107"]
[EventDate "2009.??.??"]

1. d4 Nf6 2. c4 g6 3. Nc3 Bg7 4. e4 d6 5. h3 O-O 6. Nf3 c6 7. Be3 a6 8. a4 a5
9. Qd2 Na6 10. Be2 Nd7 11. Rd1 Nb4 12. O-O Nb6 13. b3 Qc7 14. Nh4 e5 15. d5 c5
16. f4 Qe7 17. f5 Bf6 18. g3 Kh8 19. Kh2 Bd7 20. Bh6 Rg8 21. fxg6 hxg6 22. Rxf6
Qxf6 23. Rf1 Qe7 24. Bg5 Qf8 25. Bf6+ Rg7 26. Nf3 Kg8 27. Ng5 Rh7 28. Nxh7 Kxh7
29. Qg5 Re8 30. Bg4 Nc2 31. Bxd7 Nxd7 32. Qh4+ Qh6 33. Qxh6+ Kxh6 34. Nb5 Nxf6
35. Rxf6 Re7 36. Rxd6 Nd4 37. Rb6 f5 38. Nd6 fxe4 39. Nxe4 Rf7 40. Kg2 Nf5 41.
Rf6 Rxf6 42. Nxf6 Nd4 43. Ng4+ Kg7 44. Nxe5 Nxb3 45. Kf3 Kf6 46. Ke4 g5 47.
Ng4+ Kf7 48. Ke5 Nd2 49. Ne3 Ke7 50. Kf5 Kf7 51. Kxg5 Ne4+ 52. Kf5 Nc3 53. Ke5
Nxa4 54. Kd6 1-0

[Event "tournoi de Maitres 2009"]
[Site "?"]
[Date "2009.03.29"]
[Round "3"]
[White "Leconte, Maria"]
[Black "Picard, Romain"]
[Result "0-1"]
[WhiteElo "2334"]
[BlackElo "2394"]
[PlyCount "154"]
[EventDate "2009.??.??"]

1. e4 e5 2. Nf3 d6 3. d4 exd4 4. Nxd4 Nf6 5. Nc3 Be7 6. Bf4 O-O 7. Qd2 d5 8.
Ndb5 Bb4 9. Nxc7 d4 10. O-O-O Nc6 11. Qe2 Bg4 12. f3 Nh5 13. Nxa8 Nxf4 14. Qb5
Be6 15. g3 Qxa8 16. gxf4 dxc3 17. f5 Bxa2 18. Qa4 Qb8 19. Qxa2 Qf4+ 20. Kb1 Rc8
21. Bc4 Ne5 22. Be6 Rb8 23. Qb3 Be7 24. Bd5 cxb2 25. Rhg1 h6 26. Bxf7+ Nxf7 27.
Rd7 Re8 28. Qxb7 Bg5 29. Qxb2 Rb8 30. Rb7 Rxb7 31. Qxb7 Bf6 32. Qb3 Qxh2 33.
Rd1 Qe5 34. c3 Qxc3 35. Qxc3 Bxc3 36. f4 Kf8 37. Rd7 a5 38. e5 h5 39. Kc2 Bb4
40. f6 gxf6 41. e6 Nd6 42. Rh7 f5 43. Kb3 h4 44. Rxh4 Ke7 45. Rh6 Ne4 46. Kc4
Nf6 47. Rg6 Kxe6 48. Kb5 Bd2 49. Ka4 Bxf4 50. Kxa5 Bd2+ 51. Kb5 Ke5 52. Kc4 Ne4
53. Kd3 Bb4 54. Rg8 Kf4 55. Ke2 Bd6 56. Ra8 Be5 57. Ra4 Kg5 58. Kf3 Nc5 59. Ra2
Ne6 60. Rg2+ Kf6 61. Ra2 Nd4+ 62. Ke3 Ne6 63. Kf3 Ng5+ 64. Kf2 f4 65. Ra8 Kf5
66. Ra4 Kg4 67. Kg2 Bc3 68. Rc4 Bd2 69. Ra4 Be3 70. Rb4 Ne6 71. Re4 Nd4 72. Re8
f3+ 73. Kf1 Kf4 74. Rf8+ Nf5 75. Rf7 Ke4 76. Rf8 Bc5 77. Rg8 Kf4 0-1

[Event "tournoi de Maitres 2009"]
[Site "?"]
[Date "2009.03.30"]
[Round "4"]
[White "Vojinovic, Goran"]
[Black "Colin, Vincent"]
[Result "1/2-1/2"]
[WhiteElo "2465"]
[BlackElo "2415"]
[PlyCount "23"]
[EventDate "2009.??.??"]

1. e4 e5 2. Nf3 Nc6 3. Bb5 a6 4. Ba4 Nf6 5. O-O Be7 6. Re1 b5 7. Bb3 O-O 8. h3
d6 9. c3 Bb7 10. d4 Re8 11. Ng5 Rf8 12. Nf3 1/2-1/2

[Event "tournoi de Maitres 2009"]
[Site "?"]
[Date "2009.03.30"]
[Round "4"]
[White "Picard, Romain"]
[Black "Payen, Arnaud"]
[Result "1/2-1/2"]
[WhiteElo "2394"]
[BlackElo "2364"]
[PlyCount "21"]
[EventDate "2009.??.??"]

1. e4 Nf6 2. e5 Nd5 3. d4 d6 4. c4 Nb6 5. exd6 exd6 6. Be3 Be7 7. Nc3 Nc6 8.
Bd3 O-O 9. Nge2 Nb4 10. O-O Nxd3 11. Qxd3 1/2-1/2

[Event "tournoi de Maitres 2009"]
[Site "?"]
[Date "2009.03.30"]
[Round "4"]
[White "Sandalakis, Angelos"]
[Black "Coursaget, Nicolas"]
[Result "0-1"]
[WhiteElo "2372"]
[BlackElo "2303"]
[PlyCount "78"]
[EventDate "2009.??.??"]

1. d4 d5 2. Nf3 Nf6 3. c4 c6 4. e3 e6 5. Nbd2 Nbd7 6. b3 a6 7. Bd3 Be7 8. O-O
O-O 9. Qe2 Re8 10. e4 Nf8 11. Rd1 Ng6 12. e5 Nf4 13. Qe3 N6h5 14. Bf1 g5 15. g3
Ng6 16. Nb1 Ng7 17. g4 f5 18. exf6 Bxf6 19. Nxg5 e5 20. Nxh7 Bxg4 21. Qh6 Kf7
22. Bh3 Nf5 23. Ng5+ Bxg5 24. Qh7+ Ng7 25. Bxg4 Bxc1 26. Qh3 Bf4 27. Nc3 Qg5
28. cxd5 Bxh2+ 29. Kf1 Nf4 30. Be6+ Ngxe6 31. dxe6+ Ke7 32. Qh7+ Kxe6 33. d5+
cxd5 34. Ne2 Nxe2 35. Kxe2 Rh8 36. Qxb7 Qg4+ 37. Kf1 Rad8 38. Rac1 Rd6 39. Ke1
Bf4 0-1

[Event "tournoi de Maitres 2009"]
[Site "?"]
[Date "2009.03.30"]
[Round "4"]
[White "Leconte, Maria"]
[Black "Lefebvre, Hervé"]
[Result "1-0"]
[WhiteElo "2334"]
[BlackElo "2246"]
[PlyCount "101"]
[EventDate "2009.??.??"]

1. e4 c5 2. c3 Nf6 3. e5 Nd5 4. d4 cxd4 5. Nf3 Nc6 6. cxd4 d6 7. Bc4 Nb6 8. Bb3
dxe5 9. d5 Na5 10. Nc3 Bg4 11. Ba4+ Nxa4 12. Qxa4+ Bd7 13. Qe4 f6 14. Bd2 Rc8
15. b3 e6 16. dxe6 Bxe6 17. O-O Nc6 18. Rfd1 Qa5 19. Qh4 Bb4 20. Ne4 O-O 21.
Nd6 Rc7 22. Nc4 Qc5 23. Be3 Qe7 24. Rdc1 b5 25. Ncd2 Ba3 26. Re1 Nb4 27. Nxe5
fxe5 28. Qxe7 Rxe7 29. Bc5 Nc2 30. Bxa3 Nxa3 31. Rxe5 Rd7 32. Nf1 Bf7 33. Rc1
Rfd8 34. Rec5 h6 35. Ne3 a6 36. g4 Bg6 37. Kg2 Rd2 38. Kg3 b4 39. h4 Nb5 40. h5
Bf7 41. Nf5 Nc3 42. Re1 Rxa2 43. Rc7 Re2 44. Ra1 Ra2 45. Re1 Nd5 46. Ra7 a5 47.
g5 a4 48. g6 Bxg6 49. Rxg7+ Kf8 50. hxg6 Nf6 51. Rf7+ 1-0

[Event "tournoi de Maitres 2009"]
[Site "?"]
[Date "2009.03.31"]
[Round "5"]
[White "Coursaget, Nicolas"]
[Black "Geenen, Marc"]
[Result "1/2-1/2"]
[WhiteElo "2303"]
[BlackElo "2333"]
[PlyCount "41"]
[EventDate "2009.??.??"]

1. d4 Nf6 2. c4 g6 3. Nc3 Bg7 4. e4 d6 5. f4 O-O 6. Nf3 Na6 7. Be2 e5 8. dxe5
dxe5 9. Nxe5 Qxd1+ 10. Kxd1 Rd8+ 11. Kc2 Nc5 12. Bf3 Nfxe4 13. Nxe4 Bf5 14. Re1
Bxe5 15. fxe5 Rd4 16. Kc3 Rd3+ 17. Kb4 Na6+ 18. Ka5 b6+ 19. Kxa6 Bc8+ 20. Kb5
Bd7+ 21. Ka6 1/2-1/2

[Event "tournoi de Maitres 2009"]
[Site "?"]
[Date "2009.03.31"]
[Round "5"]
[White "Colin, Vincent"]
[Black "Sandalakis, Angelos"]
[Result "0-1"]
[WhiteElo "2415"]
[BlackElo "2372"]
[PlyCount "98"]
[EventDate "2009.??.??"]

1. d4 d5 2. c4 e6 3. Nc3 Be7 4. cxd5 exd5 5. Bf4 c6 6. e3 Bf5 7. g4 Bg6 8. h4
h5 9. g5 Bd6 10. Nge2 Ne7 11. Qb3 b6 12. Bg2 O-O 13. Qd1 Na6 14. Bxd6 Qxd6 15.
Nf4 Rae8 16. Kf1 Nc7 17. Nxh5 f6 18. Kg1 fxg5 19. hxg5 Ne6 20. f4 Nf5 21. Rh3
Nd8 22. Qg4 Nxe3 23. Qh4 Nf5 24. Qf2 Ne6 25. Ne2 Qb4 26. Rd1 Qxb2 27. Bf3 Qxa2
28. Nhg3 Qb3 29. Nc1 Qe3 30. Nge2 Qxf2+ 31. Kxf2 Nd6 32. Rh4 a5 33. Nd3 Bxd3
34. Rxd3 g6 35. Rh6 Kg7 36. Rc3 Nxg5 37. fxg5 Ne4+ 38. Kg2 Nxc3 39. Nxc3 Re3
40. Bh5 gxh5 41. Rxc6 Rxc3 42. Rxc3 a4 43. Kg3 Kg6 44. Rc6+ Kxg5 45. Rxb6 Ra8
46. Rb2 a3 47. Ra2 h4+ 48. Kh3 Kf4 49. Kxh4 Rh8# 0-1

[Event "tournoi de Maitres 2009"]
[Site "?"]
[Date "2009.03.31"]
[Round "5"]
[White "Vojinovic, Jovana"]
[Black "Leconte, Maria"]
[Result "1-0"]
[WhiteElo "2331"]
[BlackElo "2334"]
[PlyCount "77"]
[EventDate "2009.??.??"]

1. d4 Nf6 2. c4 e6 3. Nf3 c5 4. d5 exd5 5. cxd5 d6 6. Nc3 g6 7. e4 Bg7 8. Bd3
O-O 9. h3 Re8 10. O-O a6 11. a4 Nbd7 12. Bf4 c4 13. Bc2 Nc5 14. e5 Nh5 15. Be3
Bxe5 16. Nxe5 Rxe5 17. Qd4 Bf5 18. Bxf5 gxf5 19. Qxc4 Rc8 20. Rac1 Ne4 21. Qd4
Rxc3 22. Rxc3 f4 23. Bc1 Nxc3 24. bxc3 Qg5 25. c4 Qg6 26. Qc3 Qe4 27. Bb2 Qe2
28. Ba1 f6 29. Rc1 Rg5 30. Re1 Qa2 31. a5 Kf7 32. Qd3 f3 33. Qxf3 Qxc4 34. Qe3
Qxd5 35. Qe8+ Kg7 36. Re7+ Kh6 37. Qf8+ Kg6 38. g4 Qc4 39. Rg7+ 1-0

[Event "tournoi de Maitres 2009"]
[Site "?"]
[Date "2009.03.31"]
[Round "5"]
[White "Lefebvre, Hervé"]
[Black "Picard, Romain"]
[Result "1/2-1/2"]
[WhiteElo "2246"]
[BlackElo "2394"]
[PlyCount "97"]
[EventDate "2009.??.??"]

1. Nf3 Nf6 2. c4 b6 3. g3 c5 4. Bg2 Bb7 5. O-O e6 6. Nc3 a6 7. d4 cxd4 8. Qxd4
d6 9. Rd1 Nbd7 10. Ng5 Bxg2 11. Kxg2 Rc8 12. Nge4 Rc6 13. b3 Be7 14. Bb2 O-O
15. Nxf6+ Nxf6 16. e4 Qb8 17. Qd3 Rfc8 18. Rac1 Qb7 19. f3 Bf8 20. Ne2 Nd7 21.
Nd4 R6c7 22. Re1 Qa8 23. Rcd1 Ne5 24. Qe2 Nd7 25. Qd3 Qb8 26. Re2 Rb7 27. Ba3
d5 28. Bxf8 dxc4 29. bxc4 Nxf8 30. Qa3 Rd7 31. Red2 Qb7 32. Nb3 Rxd2+ 33. Rxd2
h6 34. Qa4 Kh7 35. Kf2 b5 36. cxb5 axb5 37. Qb4 Ng6 38. Kg2 Ra8 39. Nd4 Ra4 40.
Qxb5 Qa8 41. Qe2 Ne5 42. Nb3 Nc4 43. Rc2 Ne5 44. Rd2 Qa7 45. Qf2 Qa8 46. Qe2
Qa7 47. Qf2 Qa8 48. Qe2 g5 49. h3 1/2-1/2

[Event "tournoi de Maitres 2009"]
[Site "?"]
[Date "2009.03.31"]
[Round "5"]
[White "Payen, Arnaud"]
[Black "Vojinovic, Goran"]
[Result "1/2-1/2"]
[WhiteElo "2364"]
[BlackElo "2465"]
[PlyCount "123"]
[EventDate "2009.??.??"]

1. d4 Nf6 2. Nf3 g6 3. Bf4 Bg7 4. e3 O-O 5. Be2 d6 6. O-O c5 7. c3 Be6 8. Nbd2
Qb6 9. Ng5 Bc8 10. Nc4 Qc7 11. h3 b6 12. a4 Bb7 13. Nd2 a6 14. Bh2 Nbd7 15. Qb3
h6 16. Ngf3 Bc6 17. Rfe1 Qb7 18. Bd3 b5 19. axb5 axb5 20. Qd1 c4 21. Bc2 Ne4
22. Nxe4 Bxe4 23. Bxe4 Qxe4 24. Nd2 Rxa1 25. Qxa1 Qc6 26. Qb1 e5 27. Qc2 Re8
28. Ra1 exd4 29. cxd4 d5 30. Bg3 Bf8 31. Ra7 Ra8 32. Rc7 Qe6 33. e4 Nf6 34. Be5
Ne8 35. exd5 Qxd5 36. Ne4 Qe6 37. Nc5 Qd5 38. Rd7 Qc6 39. Qe4 Qxe4 40. Nxe4 b4
41. Kf1 Rc8 42. Ke2 c3 43. bxc3 bxc3 44. Bf4 c2 45. Bc1 f5 46. Nc5 Bxc5 47.
dxc5 Rxc5 48. Rd2 Nf6 49. Kd3 Ne4 50. Rxc2 Nxf2+ 51. Rxf2 Rxc1 52. Ke3 Rc3+ 53.
Kf4 Kg7 54. Ra2 Rc4+ 55. Kf3 Kf6 56. g3 Kg5 57. Ra3 Rc2 58. h4+ Kh5 59. Ra6
Rc3+ 60. Kg2 Re3 61. Rf6 Re4 62. Kf3 1/2-1/2

[Event "tournoi de Maitres 2009"]
[Site "?"]
[Date "2009.04.01"]
[Round "6"]
[White "Sandalakis, Angelos"]
[Black "Payen, Arnaud"]
[Result "1/2-1/2"]
[WhiteElo "2372"]
[BlackElo "2364"]
[PlyCount "32"]
[EventDate "2009.??.??"]

1. e4 e6 2. d4 d5 3. Bd3 c5 4. exd5 Qxd5 5. Nc3 Qd8 6. dxc5 Bxc5 7. Nf3 Nf6 8.
O-O a6 9. Qe2 Nbd7 10. Bg5 Qc7 11. Rad1 b6 12. Bh4 Bb7 13. Ne4 Nxe4 14. Bxe4
Nf6 15. Bg3 Qc8 16. Bd3 Qc6 1/2-1/2

[Event "tournoi de Maitres 2009"]
[Site "?"]
[Date "2009.04.01"]
[Round "6"]
[White "Leconte, Maria"]
[Black "Coursaget, Nicolas"]
[Result "1/2-1/2"]
[WhiteElo "2334"]
[BlackElo "2303"]
[PlyCount "79"]
[EventDate "2009.??.??"]

1. e4 c5 2. Nf3 Nc6 3. Bb5 e6 4. O-O Nge7 5. Re1 a6 6. Bf1 d5 7. e5 Nf5 8. c3
Be7 9. d4 cxd4 10. g4 Nh4 11. Nxd4 Bd7 12. Nf3 Ng6 13. Na3 Qc7 14. Qe2 f6 15.
c4 d4 16. exf6 gxf6 17. Bd2 Rg8 18. Bg2 O-O-O 19. Nb5 axb5 20. cxb5 Nf4 21.
Bxf4 Qxf4 22. bxc6 Bxc6 23. h3 e5 24. Rac1 d3 25. Qd2 Qa4 26. b3 Qb5 27. Rc4
Kb8 28. Nd4 Rxd4 29. Bxc6 Qb6 30. Rxd4 Qxd4 31. Re4 Qd6 32. Bb5 f5 33. Ra4 Qb6
34. Bxd3 e4 35. Bc4 Rd8 36. Qf4+ Bd6 37. Qe3 Bc5 38. Qf4+ Bd6 39. Qe3 Bc5 40.
Qf4+ 1/2-1/2

[Event "tournoi de Maitres 2009"]
[Site "?"]
[Date "2009.04.01"]
[Round "6"]
[White "Picard, Romain"]
[Black "Vojinovic, Goran"]
[Result "1/2-1/2"]
[WhiteElo "2394"]
[BlackElo "2465"]
[PlyCount "87"]
[EventDate "2009.??.??"]

1. e4 e6 2. d4 d5 3. Nd2 dxe4 4. Nxe4 Nd7 5. Nf3 Ngf6 6. Nxf6+ Nxf6 7. c3 a6 8.
Ne5 Bd6 9. Bf4 O-O 10. Be2 Nd5 11. Bg3 f6 12. Nd3 Rf7 13. O-O Bf8 14. Bh5 g6
15. Bf3 c6 16. Re1 Bd7 17. Qb3 Qc8 18. a4 a5 19. Qc4 b6 20. Qb3 Qd8 21. Re2 Rc8
22. Ree1 c5 23. c4 Nb4 24. Nxb4 axb4 25. dxc5 Bxc5 26. Bb7 Bxa4 27. Qxa4 Rxb7
28. Rxe6 Qd7 29. Rxf6 Qxa4 30. Rxa4 Be7 31. Re6 b5 32. Ra1 bxc4 33. Kf1 b3 34.
Re2 Bf6 35. Be5 Bxe5 36. Rxe5 c3 37. bxc3 b2 38. Rb1 Rxc3 39. Re2 Rc1+ 40. Re1
Rc6 41. Re2 Rcb6 42. Ke1 Kf7 43. Kd1 Kf6 44. Kc2 1/2-1/2

[Event "tournoi de Maitres 2009"]
[Site "?"]
[Date "2009.04.01"]
[Round "7"]
[White "Payen, Arnaud"]
[Black "Geenen, Marc"]
[Result "1/2-1/2"]
[WhiteElo "2364"]
[BlackElo "2333"]
[PlyCount "29"]
[EventDate "2009.??.??"]

1. d4 Nf6 2. Nf3 g6 3. Bf4 Bg7 4. e3 d6 5. Be2 O-O 6. O-O Nh5 7. Bg5 h6 8. Bh4
g5 9. Nfd2 Nf4 10. exf4 gxh4 11. c3 c5 12. dxc5 dxc5 13. Bg4 f5 14. Be2 Qc7 15.
Bc4+ 1/2-1/2

[Event "tournoi de Maitres 2009"]
[Site "?"]
[Date "2009.04.01"]
[Round "7"]
[White "Vojinovic, Goran"]
[Black "Sandalakis, Angelos"]
[Result "1/2-1/2"]
[WhiteElo "2465"]
[BlackElo "2372"]
[PlyCount "75"]
[EventDate "2009.??.??"]

1. e4 d5 2. exd5 Qxd5 3. Nf3 Bg4 4. Be2 Nc6 5. O-O O-O-O 6. Nc3 Qd7 7. d3 e5 8.
h3 Bh5 9. Ne4 Nf6 10. Ng3 Bg6 11. Nh4 Nd4 12. Nxg6 hxg6 13. Re1 Nxe2+ 14. Qxe2
Bb4 15. Rd1 Rde8 16. c3 Bd6 17. Qf3 Qe7 18. Bg5 Qe6 19. Re1 Kb8 20. a3 Nd7 21.
Ne4 f5 22. Nxd6 Qxd6 23. Rad1 Nc5 24. Qe2 Qc6 25. Be3 Nb3 26. f3 a5 27. Qf1 Re6
28. f4 exf4 29. Bxf4 Nc5 30. Be5 Re7 31. b4 Rhe8 32. Bg3 Na4 33. c4 axb4 34.
Rxe7 Rxe7 35. axb4 Qb6+ 36. Kh1 Qxb4 37. Rb1 Qd2 38. Bf4 1/2-1/2

[Event "tournoi de Maitres 2009"]
[Site "?"]
[Date "2009.04.01"]
[Round "7"]
[White "Colin, Vincent"]
[Black "Leconte, Maria"]
[Result "1-0"]
[WhiteElo "2415"]
[BlackElo "2334"]
[PlyCount "81"]
[EventDate "2009.??.??"]

1. d4 Nf6 2. c4 e6 3. Nc3 Bb4 4. e3 c5 5. Nge2 b6 6. a3 Bxc3+ 7. Nxc3 O-O 8.
Bd3 Nc6 9. O-O h6 10. d5 exd5 11. cxd5 Ne5 12. Be2 d6 13. f4 Ng6 14. Bd3 Re8
15. e4 a6 16. Qf3 b5 17. b4 Bg4 18. Qf2 c4 19. Bc2 Bd7 20. h3 a5 21. Rb1 Ra6
22. Kh2 Qe7 23. Bb2 Rea8 24. Rbe1 axb4 25. axb4 Nh5 26. g3 Be8 27. Re2 Nf6 28.
Rfe1 Nd7 29. Nxb5 Nde5 30. Nd4 Ra2 31. Nf5 Qd8 32. Bd4 Rxc2 33. Rxc2 Nd3 34.
Qe2 Ra3 35. Rf1 f6 36. Ra2 Rb3 37. Ra7 Bf7 38. Qa2 Nxb4 39. Qa4 Be8 40. Rxg7+
Kf8 41. Qa7 1-0

[Event "tournoi de Maitres 2009"]
[Site "?"]
[Date "2009.04.01"]
[Round "7"]
[White "Vojinovic, Jovana"]
[Black "Picard, Romain"]
[Result "0-1"]
[WhiteElo "2331"]
[BlackElo "2394"]
[PlyCount "72"]
[EventDate "2009.??.??"]

1. d4 Nf6 2. c4 g6 3. Nc3 d5 4. cxd5 Nxd5 5. e4 Nxc3 6. bxc3 Bg7 7. Bc4 c5 8.
Ne2 O-O 9. Be3 Nc6 10. O-O Bd7 11. Rb1 a6 12. Qd2 b5 13. Bd3 cxd4 14. cxd4 Qa5
15. Rfd1 Rfc8 16. Qb2 Qd8 17. e5 Na5 18. Ng3 Nc4 19. Qe2 Bc6 20. h4 Nxe3 21.
Qxe3 Bd5 22. Ra1 Rc3 23. Qe1 Ra3 24. Be4 Rc8 25. h5 Rc4 26. hxg6 hxg6 27. Qe2
a5 28. Rab1 b4 29. Rb2 Rac3 30. Nf1 Bh6 31. Qg4 Be6 32. Qh4 Rxd4 33. Rxd4 Qxd4
34. Re2 Rc1 35. Qxh6 Rxf1+ 36. Kxf1 Qd1+ 0-1